00807nam a2200181 a 450000500170000000800410001702000180005805000230007610000230009924501140012226000400023630000230027644000250029952001390032465000240046399900190048795201190050620140412111302.0010307s19uu xx 00 eng d a0-8167-3406-2 aM 398.21bL97 1994 aLum, Darrell H. Y. aThe Golden slipper :ba Vietnamese legend /cwritten & adapted by Darrell Lum ; illustrated by Makiko Nagano. aU. S. A :bTroll Associates,c1994. a1 v. (unp.) ; ill. aLegends of the world aA Variation on the Cinderella story, in which a kind-hearted young woman meets her prince with the help of animals she has befriended. aFolklore -- Vietnam c103435d103435 001040aELbELcMd2001-04-16eLib. Fundg88.50l0oM 398.21 L97 1994pE4825r2014-04-12 00:00:00w2014-04-12yBK